000 00655nam a22002177a 4500
003 UA-OsUOA
001 104843
007 ta
008 20140129b un ||||| |||| 00| 0 ukr d
100 _aМехлис К.
090 _a330
_bМ55
942 _cSA
040 _aUA-OsUOA
_brus
_cUA-OsUOA
_dUA-OsUOA
245 _aАнализ мотивов прямых иностранных инвестиций в мировой экономике
300 _aС.63-70
955 _a0
041 _arus
080 _a330
773 0 _w104838
_tМеждународная экономика
_dМ.
_d2013
_g12
650 7 _a330 Економіка взагалі
_2UDC
999 _c391137
_d391137